Decisiones empresariales con riesgo e incertidumbre/ (Registro nro. 7838)
[ vista simple ]
| 000 -LEADER | |
|---|---|
| fixed length control field | 00970nam a2200205Ia 4500 |
| 005 - FECHA Y HORA DE LA ÚLTIMA TRANSACCIÓN | |
| control field | 20230418141457.0 |
| 008 - FIXED-LENGTH DATA ELEMENTS--GENERAL INFORMATION | |
| fixed length control field | 230417s9999 xx 000 0 und d |
| 020 ## - INTERNATIONAL STANDARD BOOK NUMBER | |
| International Standard Book Number | 8425506662 |
| 040 ## - CATALOGING SOURCE | |
| Original cataloging agency | UPAN |
| Transcribing agency | Biblioteca San Vicente |
| Description conventions | RCAA2 |
| 041 ## - LANGUAGE CODE | |
| Language code of text/sound track or separate title | spa |
| 082 ## - DEWEY DECIMAL CLASSIFICATION NUMBER | |
| Classification number | 330122 |
| Item number | S653d |
| 100 ## - MAIN ENTRY--PERSONAL NAME | |
| Personal name | Soldevilla Garcia, Emilio |
| Relator code | aut. |
| 245 #0 - TITLE STATEMENT | |
| Title | Decisiones empresariales con riesgo e incertidumbre/ |
| Remainder of title | Emilio Soldevilla Garcia |
| 260 ## - PUBLICATION, DISTRIBUTION, ETC. (IMPRINT) | |
| Place of publication, distribution, etc | España: |
| Name of publisher, distributor, etc | Hispano Europea, |
| Date of publication, distribution, etc | 1984 |
| 300 ## - PHYSICAL DESCRIPTION | |
| Extent | 473 p.: |
| Dimensions | 22 cm. |
| 520 ## - SUMMARY, ETC. | |
| Summary, etc | 1. La decisiòn en sus modelos operativos<br/>2. Las decisiones econòmicas y su tratamiento probabilista<br/>3. El modelo de decisiòn con variables aleatorias y funciones de probabilidad<br/>4. Aplicaciones de la probabilidad a la toma de decisiones <br/>5. El modelo de decisiòn con informaciòn <br/>6. Distribuciones continuas a priori y su revisiòn |
| 650 ## - SUBJECT ADDED ENTRY--TOPICAL TERM | |
| Source of heading or term | LEMB |
| Topical term or geographic name as entry element | Empresarios Industriales |
| 700 ## - ADDED ENTRY--PERSONAL NAME | |
| Relator code | Soldevilla Garcia, Emilio |
| Personal name | aut. |
| 942 ## - ADDED ENTRY ELEMENTS (KOHA) | |
| Koha item type | Libros |
| Source of classification or shelving scheme | Dewey Decimal Classification |
| Withdrawn status | Lost status | Source of classification or shelving scheme | Damaged status | Not for loan | Collection code | Home library | Current library | Date acquired | Total Checkouts | Full call number | Barcode | Date last seen | Price effective from | Koha item type |
|---|---|---|---|---|---|---|---|---|---|---|---|---|---|---|
| Dewey Decimal Classification | Colección General | Biblioteca UPAN San Vicente | Biblioteca UPAN San Vicente | 17/04/2023 | 330.122 S653d | 12000400 | 17/04/2023 | 17/04/2023 | Libros |